| 000 | 02155nam a2200361 a 4500 | ||
|---|---|---|---|
| 001 | ebr10675157 | ||
| 003 | CaPaEBR | ||
| 006 | m u | ||
| 007 | cr cn||||||||| | ||
| 008 | 100407s2010 nyu sb 001 0 eng d | ||
| 010 | _z 2010012188 | ||
| 020 | _z9781616683146 (softcover) | ||
| 020 | _z9781616687397 (e-book) | ||
| 040 |
_aCaPaEBR _cCaPaEBR |
||
| 035 | _a(OCoLC)750173398 | ||
| 050 | 1 | 4 |
_aRA652.2.C55 _bC66 2010eb |
| 082 | 0 | 4 |
_a362.11 _222 |
| 100 | 1 | _aNap, Raoul E. | |
| 245 | 1 | 0 |
_aControlling disease outbreaks _h[electronic resource] : _bthe changing role of hospitals / _cRaoul E. Nap ... [et al.]. |
| 260 |
_aHauppauge, N.Y. : _bNova Science Publishers, _c2010. |
||
| 300 | _axii, 96 p. | ||
| 490 | 1 | _aPublic health in the 21st century series | |
| 504 | _aIncludes bibliographical references and index. | ||
| 505 | 0 | _aPreparing the health care system -- Impact of avian influenza in the Netherlands -- Hospital capacity -- Intensive care unit capacity -- Workforce -- General practitioners -- Age distribution -- Underlying disease and co-morbidity -- Mitigation of pandemic influenza -- Containment measures for pandemic influenza -- Healthcare system readiness -- Internal preparation -- Business continuity -- External preparation -- Evidence-based management -- Evidence from focused modeling : a case study from the Netherlands -- Healthcare system readiness -- Hospital and intensive care unit capacity -- Workforce -- General practitioners -- Age distribution -- Underlying disease and co-morbidity -- Mitigation and containment measures for pandemic influenza -- Methodological considerations. | |
| 533 |
_aElectronic reproduction. _bPalo Alto, Calif. : _cebrary, _d2013. _nAvailable via World Wide Web. _nAccess may be limited to ebrary affiliated libraries. |
||
| 650 | 0 | _aEpidemics. | |
| 650 | 0 | _aHospitals. | |
| 650 | 0 | _aClinical epidemiology. | |
| 655 | 7 |
_aElectronic books. _2local |
|
| 710 | 2 | _aebrary, Inc. | |
| 830 | 0 | _aPublic health in the 21st century series. | |
| 856 | 4 | 0 |
_uhttp://site.ebrary.com/lib/rucke/Doc?id=10675157 _zAn electronic book accessible through the World Wide Web; click to view |
| 999 |
_c164172 _d164172 |
||